000 00424nam a2200181Ia 4500
001 3167
005 20260306144900.0
008 260306t1991||||xx |||||||||||||| ||spa||
041 _aESP
082 _a261.8
_bCH51
100 _aChabot, Jean-Luc
_eAUT
245 0 _aLa doctrina social de la iglesia
260 _c1991
300 _a140 páginas :
_c20 cm.
650 _aGEN
654 _aCHU
942 _cLIB
_dJUS
_fJUS
_2ddc
_n
999 _c3167
_d3167